000 00781nam a2200181 i 4500
001 45168
003 ES-MaACL
005 20230906161153.0
007 t|
008 030325s1951 sp ||||1| spa d
100 1 _aClayton, Ellis.
_939152
245 1 0 _aIdentificación de materias colorantes sobre fibras textiles y determinación de los iones metálicos en materiales fibrosos, colorantes y pigmentos orgánicos /
_cpor Ellis Clayton ; traducida al español, ampliada y adaptada por Carlos Más Gibert y Juán Alsina Giralt.
260 _aBarcelona :
_bManuel Marín,
_c[1951] (
_fEmporium)
300 _a57 p., 7 gráf. pleg., XIV :
_bil. ;
_c22 cm.
700 1 _aMás Gibert, Carlos.
_978633
700 1 _aAlsina Giralt, Juán.
_920488
852 _aES-MaACL
_jC-10292
_bR.31110
999 _c45168
_d45168